Statistics for The Weekend and Ariana Grande "Save Your tears (Remix)" lyrics

Click here to take the quiz!

General Stats

  • This quiz has been taken 378 times
  • The average score is 198 of 250

Answer Stats

HintAnswer% Correct
Refrain | Verse 1I
98%
you
98%
You
98%
A
97%
a
97%
(Your)
94%
your
94%
Save
93%
(Save)
93%
tears
93%
another
90%
for
90%
so
90%
day
89%
when
89%
(Away
88%
away
88%
me
88%
Don't
87%
[Ariana Grande] | [Both]don't
87%
in
87%
know
87%
[The Weeknd]saw
87%
(Run
86%
run
86%
why
86%
dancing
85%
room
85%
cry
84%
I'm
84%
with
84%
crowded
82%
look
82%
(Ooh
82%
Intro | [Both]Ooh
82%
happy
81%
not
81%
make
80%
eye
77%
oh
77%
oh)
77%
(Oh
77%
(Oh)
77%
single
77%
then
76%
from
75%
by
74%
But
73%
surprise
73%
that
72%
yeah
72%
caught
70%
'cause
70%
stay
69%
teardrop
69%
falling
68%
it
68%
And
67%
Pre-ChorusTake
67%
[Ariana Grande]take
67%
back
65%
wanna
65%
ran
64%
someone
62%
better
61%
like
61%
too
61%
else
60%
my
60%
deserve
59%
late
59%
realize
59%
much
58%
hell
57%
through
57%
couldn't
56%
distance
56%
help
56%
moon
56%
nobody
56%
put
56%
under
54%
it's
53%
boy
52%
Pre-ChorusBoy
52%
kept
52%
Verse 2Met
52%
pisces
52%
once
47%
girl
41%
said
40%
(Mm)
34%
Na
30%
na
30%
(uh)
27%
Refrain(Bum
20%
[Both]bum
20%
bum)
20%
(Okay)
7%

Score Distribution

Percentile by Number Answered

Percent of People with Each Score

Your Score History

You have not taken this quiz